000 00603nam a2200205Ia 4500
005 20250326144547.0
008 250326s9999 xx 000 0 und d
020 _a0-19-515673-0
037 _aTextbook
040 _aFMSL
_beng
_cFMSL
041 _aeng
_2eng
084 _aS2:72 P5
_qFMSL
100 _aSchaie K W
_9749889
245 0 _aDevelopmental influences on adult intelligence : seattle longitudinal study
_cSchaie K W
260 _aNew Delhi
_bNew Delhi, Oxford University
_c2005
300 _aX,496.
365 _b3672
942 _cTB
_hS2:72 P5
999 _c1304167
_d1304167